Eros

Saved in:
Bibliographic Details
Main Author: Abel-Hirsch, Nicola
Format: Unknown
Language:English
Published: Coimbra, Portugal. Almedina, 2010
Subjects:
Tags: Add Tag
No Tags, Be the first to tag this record!

MARC

LEADER 00000 a2200000 4500
003 CL-VaPUC
005 20211006112720.0
008 210422b ||||| |||| 00| 0 eng d
999 |c 432639  |d 432637 
020 |a 9789724039930 
040 |c Pontificia Universidad Católica de Valparaíso 
082 |a 155.31 ABE 2010 
100 1 |a  Abel-Hirsch, Nicola  |9 859885 
245 |a Eros 
260 |a Coimbra, Portugal.   |b Almedina,  |c 2010 
300 |a 92 páginas  
500 |a En portugués 
583 |k Cristina Rojas  |c 20210422 
650 |a Sexo (Psicología)  |9 315427 
650 |a Psicoanálisis  |9 265702 
942 |2 ddc  |c BK 
952 |0 0  |1 0  |2 ddc  |4 0  |6 155_310000000000000_ABE_2010  |7 0  |8 A  |9 578102  |a BIBEDU  |b BIBEDU  |d 2021-06-14  |e 74  |g 59281.00  |i 558471K  |o 155.31 ABE 2010  |p 558471K  |r 2021-06-14  |t 1  |v 59281.00  |w 2021-06-14  |y BK  |k FIL